| 000 | 00615nam a22002417a 4500 | ||
|---|---|---|---|
| 003 | UA-OsUOA | ||
| 001 | 65152 | ||
| 007 | ta | ||
| 008 | 20091116b un ||||| |||| 00| 0 ukr d | ||
| 100 | _aВечерський В. | ||
| 090 |
_a726.597(477) _bВ39 |
||
| 942 | _cBK | ||
| 040 |
_aUA-OsUOA _bukr _cUA-OsUOA _dUA-OsUOA |
||
| 245 | _aУкраїнські дерев'яні храми | ||
| 300 | _a271 с. | ||
| 955 | _a2 | ||
| 041 | _aukr | ||
| 080 | _a726.597(477) | ||
| 020 | _a978-966-8174-48-8 | ||
| 260 |
_aК. _bНаш час _c2007 |
||
| 650 | 7 |
_a72 Архітектура _2UDC |
|
| 999 |
_c351272 _d351272 |
||